000 00810nam a22002177a 4500
005 20170816114032.0
010 _aBAC-CH25
020 _a9780141346847
_c350.00
035 _aB-560014-041
035 _aB-665024
037 _bBlue Berry/Ven
_adpl
082 _aN
100 _aRiordan, Rick
245 _aPercy Jackson :
_cby Rick Riordan
_band the sea of monsters /
260 _aNew Delhi
_bPuffin Books
_c2013
270 _a11 Community Centre, Panchsheel Park
_bNew Delhi
_e10017 (India)
300 _a264p.
_c20cm(pbk)
942 _2ddc
_cCH
_mRIO
_hN
999 _c85692
_d85692